List of countries by Silver production - Statistics

General Stats
  • This quiz has been taken 91 times
  • The average score is 7 of 9
Answer Stats
Rank Country Production (tonnes) % Correct
3 China 3.600
96%
5 Russia 1.400
95%
9 U.S.A. 1.100
95%
1 Mexico 5.600
87%
5 Australia 1.400
86%
2 Peru 4.100
82%
4 Chile 1.500
81%
8 Bolivia 1.300
58%
5 Poland 1.400
30%
No matching quizzes found
Score Distribution
Percent of People with Each Score
Percentile by Number Answered
Your Score History
You have not taken this quiz